000 00477nam a22001817a 4500
003 OSt
005 20160121124309.0
008 160121b xxu||||| |||| 00| 0 eng d
040 _aSEKU
050 _aHD 57.7
_b.K3
110 _aphi Theta Kappa
245 _aLeadership development studies:
_bA human approach.
_cPhi Theta Kappa
250 _a4th ed.
260 _aEstover drive,
_bQ O K.
_c2008.
300 _a562 P.:
650 _aLeadership
_vmanagement
942 _2lcc
_cGEN
999 _c9939
_d9939